000 00435nam a2200181Ia 4500
001 19508
005 20260306172658.0
008 260306t2018||||xx |||||||||||||| ||spa||
041 _aESP
082 _a340.1
_bB141 T. 5
100 _aGeldres Campos, Ricardo
_eAUT
245 0 _aLa representación sin poder
260 _c2018
300 _a237 páginas :
_c25 cm.
650 _aGEN
654 _aCDE
942 _cLIB
_dJUS
_fJUS
_2ddc
_n
999 _c19508
_d19508